Carl Seelig : Werk und Netzwerk /

Der Schweizer Journalist, Schriftsteller und Mäzen Carl Seelig (1894-1962) war ein außerordentlicher Netzwerker. In Erinnerung geblieben ist er als Freund und Vormund von Robert Walser - und war doch weit mehr: Sein vielseitiges Wirken macht ihn zu einer zentralen Randfigur der Literaturgeschichte....

وصف كامل

محفوظ في:

مؤلفون آخرون: Dietiker, Pino (المحرر), Gloor, Lukas (المحرر), Schwerin, Kerstin Gräfin von (المحرر)

التنسيق: كتاب الكتروني

اللغة: English
German

منشور في: Paderborn : Ferdinand Schöningh, Brill | Fink, 2025.

سلاسل: Robert Walser - Studien ; 9.
Schöningh and Fink Literature and Culture Studies E-Books Online, Collection 2025.

الموضوعات:

الوصول للمادة أونلاين: Login to view Source

الوسوم: إضافة وسم

لا توجد وسوم, كن أول من يضع وسما على هذه التسجيلة!

رقم الطلب: PT2639.E277

LEADER 02950nam a22005178i 4500
001 BRILL9783846768952
003 nllekb
005 20250615102012.0
006 m d
007 cr un uuuua
008 250404s2025 gw sb 001 0 eng d
020 |a 9783846768952  |q (electronic book) 
020 |z 9783770568956  |q (print) 
024 7 |a 10.1163/9789004633544  |2 DOI 
035 |z (OCoLC)1472209726 
040 |a NL-LeKB  |c NL-LeKB  |e rda 
041 |a ger 
050 4 |a PT2639.E277 
072 7 |a DSBH  |2 bicssc 
072 7 |a LIT  |x 000000  |2 bisacsh 
082 0 4 |a 838/.91209  |2 23 
245 0 0 |a Carl Seelig :  |b Werk und Netzwerk /  |c edited by Pino Dietiker, Lukas Gloor and Kerstin Gräfin von Schwerin. 
246 3 |a Werk und Netzwerk 
264 1 |a Paderborn :  |b Ferdinand Schöningh, Brill | Fink,  |c 2025. 
264 4 |c ©2025 
300 |a 1 online resource (288 pages) :  |b illustrations. 
336 |a text  |b txt  |2 rdacontent 
337 |a computer  |b c  |2 rdamedia 
338 |a online resource  |2 rdacarrier 
490 1 |a Robert Walser - Studien ;  |v 9 
490 1 |a Schöningh and Fink Literature and Culture Studies E-Books Online, Collection 2025 
504 |a Includes bibliographical references and index. 
520 |a Der Schweizer Journalist, Schriftsteller und Mäzen Carl Seelig (1894-1962) war ein außerordentlicher Netzwerker. In Erinnerung geblieben ist er als Freund und Vormund von Robert Walser - und war doch weit mehr: Sein vielseitiges Wirken macht ihn zu einer zentralen Randfigur der Literaturgeschichte. Die Beiträge des Bandes erfüllen ein Desiderat der Forschung, indem sie sich dieses notorisch unterschätzten Multiplikators annehmen. Sie erhellen Seeligs Beziehungen zu literarischen und wissenschaftlichen Größen wie Robert Walser und Albert Einstein, Romain Rolland und Stefan Zweig, Erika Burkart, Ludwig Hohl, Paul Nizon und Alfred Polgar; sie würdigen Seelig als Vermittler und als Veranstalter einer Exil-Lesereihe in Zürich; sie thematisieren erstmals sein Schaffen als Literaturkritiker, Filmjournalist, Lyriker und Übersetzer; und sie beurteilen seine Reise nach Afrika und Ozeanien aus heutiger Perspektive neu. Der "Schattenmann der Schweizer Literatur" (Tages-Anzeiger) tritt ans Licht. 
546 |a German 
588 |a Description based on print version record. 
600 0 0 |a Seelig, Carl,  |d 1894-1962. 
650 0 |a Authors, Swiss  |y 20th century  |v Biography. 
700 1 |a Dietiker, Pino,  |e editor. 
700 1 |a Gloor, Lukas,  |e editor. 
700 1 |a Schwerin, Kerstin Gräfin von,  |e editor. 
776 0 8 |i Print version:  |t Carl Seelig : Werk und Netzwerk.  |d Paderborn : Ferdinand Schöningh, Brill | Fink, 2025.  |z 9783770568956 
830 0 |a Robert Walser - Studien ;  |v 9. 
830 0 |a Schöningh and Fink Literature and Culture Studies E-Books Online, Collection 2025. 
856 4 |z DOI:   |u http://dx.doi.org/10.30965/9783846768952 
942 |2 lcc  |c EBOOK 
999 |c 60963  |d 60963